000 00767nam a22002537a 4500
003 PE SENCICO BE
005 20251020182626.0
008 230220b |||||||| |||| 00| 0 eng d
020 _a978-3-8365-6079-5
040 _aPE SENCICO BE
_cPE SENCICO BE
041 _aspa
082 _a720.92
_bF97
100 1 _9647
_aFuruyama, Masao
_eautor
245 1 _aTadao Ando :
_bla geometrĂ­a del espacio humano /
_cMasao Furuyama
250 _a[1a ed.]
260 _aKoln :
_bTaschen,
_c2016
300 _a96 p. :
_bil. col., diagrs.
_c26 cm.
504 _aBibliografĂ­a: p. 93.
600 1 0 _9648
_aTadao, Ando
650 1 4 _9282
_aArquitectos
650 2 4 _9191
_aArquitectura moderna
910 _bhfp
_chfp
942 _2ddc
_cLIB
_h720.92
_iF97
999 _c3838
_d3838